000
00320nam a22001337a 4500
003
SGT
082
_a
320
_b
S94V
100
_a
VERMA, P.P.
245
_a
SOCIO- ECONOMIC CONDITION OF THE KAI BARTAS OF ASSAM
260
_b
ASSAM INSTITUTE OF RESEARCH
_c
1994
300
_a
77
650
_a
SOCIAL SCIENCE
942
_2
ddc
_c
BK
999
_c
28053
_d
28053